| 000 | 00477nam a2200193Ia 4500 | ||
|---|---|---|---|
| 005 | 20240823053135.0 | ||
| 008 | 240823s9999||||xx |||||||||||||| ||und|| | ||
| 020 | _a978-93-325-1694-6 | ||
| 041 | _aENGLISH | ||
| 082 | _A153.14 Q4 | ||
| 100 | _aJonathan hancock | ||
| 245 | 0 | _aHow to Improve Your Memory for Study | |
| 250 | _a1st | ||
| 260 |
_c2014 _b"Pearson Education,New " |
||
| 500 | _aYES | ||
| 650 |
_aMemory for Study _bGeneral |
||
| 942 | _cBK | ||
| 999 |
_c223494 _d223494 |
||